00360nam a22000977a 4500020001800000082001500018245014300033260005700176300002100233563000800254 a9781108470261 a621.3bSUR aSurface electromagnetics : bwith applications in antenna, microwave, and optical engineering /cEdited by Fan Yang and Yahya Rahmat-Samii aUnited Kingdom :bCambridge University Press,c2019. a468 p. ;c24 cm. aHB.